000 00381nam a22001337a 4500
020 _a0821323180
082 _a333.79323091724
_bWOR
_cD
245 _aThe world banks role in the electric power sector
_cWOR
260 _aWashington
_bThe world bank
_c1993
300 _a84 p. :
_bill, ;
_c20 cm.
526 _a0
_b0
_c0
_d333_793230917240000_WOR
650 _aD
_96527
942 _2ddc
_cBK
999 _c541905
_d541905